00732nam a2200241 a 4500001001300000003000900013005001700022008004100039020001000080082001700090100002200107245004100129260004900170300000900219500003500228505002600263650002900289700002200318902000800340942000700348952011800355999001700473nice12345678IN_TiNIC20260116014431.0050524s2001 biha grp 000 0 urd  ac25000a297.814bSOH aSohail, Abu Adnan aIslam Mein Bidat-O-Zalat Ke Mohrikat aBiharbIbn Baaz Islamic Studies Centrec2001 a352p aincludes index and biblioraphy2 aIndex, Quranic Verses aIslam-Sects-Ahl-E-Hadees1 aSohail, Abu Adnan bSRS cBK 001040708StackRoom-aHMIbHMId2007-06-28g250.00l0o297.814 SOHp020610r2007-06-28v250.00w2005-05-24yBK c15291d15291